| 000 | 00612nam a2200181 a 4500 | ||
|---|---|---|---|
| 001 | 000033995 | ||
| 005 | 20200930070703.0 | ||
| 008 | 110919s1937 cu 000 0 spa d | ||
| 040 |
_aDO-SdBNP _bspa _cBNPHU |
||
| 082 |
_axxx _bM357d |
||
| 100 | 1 |
_aMárquez Sterling, Manuel _959445 |
|
| 245 | 1 | 0 |
_aDoctrina de la República / _cManuel Márquez Sterling ; prólogo René Lufríu. |
| 260 |
_aLa Habana, Cuba : _bSecretaría de Educación, _c1937. |
||
| 300 |
_a128 p. ; _c21 cm. |
||
| 490 | 1 | _aGrandes periodistas cubanos | |
| 700 | 1 |
_aLufríu, René, _epról. _929350 |
|
| 830 | 0 |
_aGrandes periodistas cubanos _959446 |
|
| 999 |
_c33486 _d33486 |
||